ՀՀ Գիտությունների ազգային ակադեմիայի հիմնարար գիտական գրադարան  =   Fundamental Scientific Library of NAS RA

Художник-декабрист Николай Бестужев / (Record no. 301436)

MARC details
000 -LEADER
fixed length control field 00816nam a2200205 a 4500
001 - CONTROL NUMBER
control field 000839975
003 - CONTROL NUMBER IDENTIFIER
control field AM-YeHGA
005 - DATE AND TIME OF LATEST TRANSACTION
control field 20250617144831.0
008 - FIXED-LENGTH DATA ELEMENTS--GENERAL INFORMATION
fixed length control field 111020s1977 ru a r 000 0brus d
040 ## - CATALOGING SOURCE
Original cataloging agency AM-YeHGA
041 0# - LANGUAGE CODE
Language code of text/sound track or separate title rus
090 ## - LOCALLY ASSIGNED LC-TYPE CALL NUMBER (OCLC); LOCAL CALL NUMBER (RLIN)
-- 303135
100 1# - MAIN ENTRY--PERSONAL NAME
Personal name Зильберштейн, Илья Самойлович
Dates associated with a name 1905-1988
245 10 - TITLE STATEMENT
Title Художник-декабрист Николай Бестужев /
Statement of responsibility, etc. И. С. Зильберштейн.
260 ## - PUBLICATION, DISTRIBUTION, ETC.
Place of publication, distribution, etc. Москва :
Name of publisher, distributor, etc. Изобразительное искусство,
Date of publication, distribution, etc. 1977.
300 ## - PHYSICAL DESCRIPTION
Extent 679 с. :
Other physical details илл.
600 14 - SUBJECT ADDED ENTRY--PERSONAL NAME
Personal name Бестужев, Николай Александрович
Dates associated with a name 1761-1810
650 14 - SUBJECT ADDED ENTRY--TOPICAL TERM
Topical term or geographic name entry element Русское изобразительное искусство, 18 - 19 вв.
650 14 - SUBJECT ADDED ENTRY--TOPICAL TERM
Topical term or geographic name entry element Писатели-декабристы
Holdings
Withdrawn status Lost status Damaged status Not for loan Collection Home library Current library Date acquired Total checkouts Full call number Barcode Date last seen Price effective from Koha item type Public note
        General Fundamental Scientific Library Fundamental Scientific Library 09/01/2017   PII/409825 FL0423800 09/01/2017 09/01/2017 Գրքեր / Books 30 Days Loan


ՀՀ ԳԱԱ հիմնարար գիտական գրադարան
ՀՀ,Երևան 0019
Մարշալ Բաղրամյան 24/6
հեռախոս:(374-10) 52-47-50
Հետադարձ կապ

All site content, except where otherwise noted, is licensed under a
Creative Commons License